Consideraciones sobre la producción del etanol

Պահպանված է:
Մատենագիտական մանրամասներ
Ձևաչափ: Տեքստ
Խորագրեր:
Ցուցիչներ: Ավելացրեք ցուցիչ
Չկան պիտակներ, Եղեք առաջինը, ով նշում է այս գրառումը!

MARC

LEADER 00000 a a2200000 04500
001 6810
003
040
245 |a Consideraciones sobre la producción del etanol  
650 |a MERCADOS  
650 |a PRODUCCION  
650 |a ETANOL  
650 |a GOBIERNO  
650 |a AGRICULTURA  
650 |a EL SALVADOR  
773 |g volumen 27, número 1236; páginas 6-7  
999 |c 26078  |d 26078